000 00367cam a22001217a 4500
008 180718b1959 xxu||||| |||| 00| 0 eng d
082 _aB123x73 P125
100 _aPackard, Vance
245 _aStatus seekers:an exploration of class behaviour America
_cby Vance Packard
260 _aLondon
_bLongmans
_c1959
300 _a376p
650 _aSocial classes -United States.
999 _c417575
_d417575